000 00284nam a22001217a 4500
008 181106b xxu||||| |||| 00| 0 eng d
041 _aeng
080 _a159.9
100 _a48
101 _aPSI
245 _aFurther Explorations in Social Psychiatry
_cKaplan,B.H
942 _2udc
_cBK
999 _c51981
_d51981